LEADER 01336nam a2200313 a 4500
001 c000001984
003 CARM
005 00000000000000.0
008 s1981 xnaab b s00010 eng d
019 1 |a 2678140  |5 LACONCORD2021 
035 |a (OCoLC)220267931  |5 LACONCORD2021 
040 |a NWU  |c NWU  |d ADAC 
042 |a anuc 
043 |a u-at-ne 
110 2 0 |a Gutteridge, Haskins & Davey. 
245 1 4 |a The Nambucca Valley :  |b main report /  |c [Gutteridge, Haskins & Davey] 
260 |a [Sydney :  |b N. S. W. Coastal Rivers Flood Plain Management Studies Steering Committee],  |c 1981. 
300 |a 1 v. (various pagings) :  |b ill., maps ;  |c 30 cm. 
440 |a New South Wales coastal rivers flood plain management studies 
500 |a Spiral binding. 
504 |a Includes bibliography. 
650 0 |a Flood control  |z New South Wales  |z Nambucca River Valley. 
650 0 |a Floodplain management  |z New South Wales  |z Nambucca River Valley. 
651 0 |a Nambucca River Valley (N.S.W.) 
710 2 0 |a N.S.W. Coastal Rivers Flood Plain Management Studies Steering Committee. 
852 8 |b CARM  |h A3:AB19E5  |i D00511  |p 0046524  |f BK 
082 0 4 |a 627.409944  |2 19 
999 f f |i 60c076ba-72ce-5a76-8b77-a72b701a6b0c  |s 77be958b-6d6b-5bf1-9f55-95727fde8380 
952 f f |p Can circulate  |a CAVAL  |b CAVAL  |c CAVAL  |d CARM 1 Store  |e D00511  |f A3:AB19E5  |h Other scheme  |i book  |m 0046524